| 000 | 01851cam a2200517 i 4500 | ||
|---|---|---|---|
| 001 | ocn827258194 | ||
| 003 | OCoLC | ||
| 005 | 20200320204553.0 | ||
| 008 | 140130t20132013maua j 000 0 eng | ||
| 010 | _a 2013387120 | ||
| 020 |
_a9781602190795 _q(board pages) |
||
| 020 |
_a1602190798 _q(board pages) |
||
| 020 | _c9.95 | ||
| 035 | _a(OCoLC)827258194 | ||
| 040 |
_aDLC _beng _erda _cDLC _dBTCTA _dBDX _dOWL _dUBY _dOCLCF _dUPZ _dOCLCO _dOCL _dOCLCQ _dWACOL |
||
| 042 | _apcc | ||
| 043 |
_an-us-id _an-us-mt _an-us-wy |
||
| 049 | _aWACL | ||
| 050 | 0 | 0 |
_aF722 _b.G36 2013 |
| 082 | 0 | 4 |
_a917.87/52 _223 |
| 092 |
_aEBB _bGam |
||
| 100 | 1 |
_aGamble, Adam. _95776546 |
|
| 245 | 1 | 0 |
_aGood night, Yellowstone / _cAdam Gamble, Mark Jasper ; illustrated by Cooper Kelly. |
| 264 | 1 |
_a[Dennis, MA] : _bOur World of Books, _c[2013] |
|
| 264 | 4 | _c©2013 | |
| 300 |
_a1 volume (unpaged) : _billustrations ; _c16 cm. |
||
| 336 | _atext | ||
| 337 | _aunmediated | ||
| 338 | _avolume | ||
| 490 | 1 | _aGood night our world | |
| 500 | _aCover title. | ||
| 651 | 0 |
_aYellowstone National Park _vJuvenile literature. _95695906 |
|
| 650 | 0 |
_aBoard books. _95947056 |
|
| 650 | 7 |
_aBoard books _2fast _0(OCoLC)fst01202255 _95947056 |
|
| 651 | 7 |
_aUnited States _zYellowstone National Park. _2fast _0(OCoLC)fst01285604 _95947057 |
|
| 655 | 7 |
_aJuvenile works. _2fast _0(OCoLC)fst01411637 _95673941 |
|
| 700 | 1 |
_aJasper, Mark. _95776548 |
|
| 700 | 1 |
_aKelly, Cooper, _eillustrator. _95776549 |
|
| 830 | 0 |
_aGood night our world. _95744960 |
|
| 938 |
_aBrodart _bBROD _n104744057 |
||
| 938 |
_aBaker and Taylor _bBTCP _nBK0012762983 |
||
| 942 |
_cBOOK _012 |
||
| 948 |
_a07/21/2017 _zSirsi |
||
| 994 |
_aC0 _bWACOL |
||
| 996 |
_a141520 _b34301001529843 _cEBB _dbbk _ewcl _fi _g12 _h9.95 _lmicro _mGam _p07/21/2017 _q03/05/2020 _r02/27/2020 |
||
| 999 |
_c302203 _d302202 |
||